<?xml version="1.0" encoding="UTF-8"?>
<record
    xmlns:xsi="http://www.w3.org/2001/XMLSchema-instance"
    xsi:schemaLocation="http://www.loc.gov/MARC21/slim http://www.loc.gov/standards/marcxml/schema/MARC21slim.xsd"
    xmlns="http://www.loc.gov/MARC21/slim">

  <leader>01805nas a2200277Ia 4500</leader>
  <controlfield tag="001">R200-R1691</controlfield>
  <controlfield tag="003">IT-CnALBA</controlfield>
  <controlfield tag="008">170116c99999999xx ||||||||||||   ||und||</controlfield>
  <datafield tag="040" ind1=" " ind2=" ">
    <subfield code="a">IT-CnALBA</subfield>
    <subfield code="c">IT-CnALBA</subfield>
  </datafield>
  <datafield tag="041" ind1=" " ind2=" ">
    <subfield code="a">ITALIANO</subfield>
  </datafield>
  <datafield tag="100" ind1=" " ind2=" ">
    <subfield code="a">FUSCO VITTORIO</subfield>
  </datafield>
  <datafield tag="210" ind1=" " ind2=" ">
    <subfield code="a">RASSEGNA DI TEOLOGIA</subfield>
  </datafield>
  <datafield tag="222" ind1=" " ind2=" ">
    <subfield code="a">RASSEGNA DI TEOLOGIA</subfield>
  </datafield>
  <datafield tag="245" ind1=" " ind2="0">
    <subfield code="a">RASSEGNA DI TEOLOGIA. N. VI. ANNO XXV. NOVEMBRE DICEMBRE 1984 RIVISTA PER UN AGGIORNAMENTO CRISTIANO TEORICO E PRATICO. </subfield>
  </datafield>
  <datafield tag="250" ind1=" " ind2=" ">
    <subfield code="a">1a ed.</subfield>
  </datafield>
  <datafield tag="260" ind1=" " ind2=" ">
    <subfield code="a">ROMA</subfield>
    <subfield code="b">AVE, ANONIMA VERITA'S EDITRICE</subfield>
    <subfield code="c">1984</subfield>
  </datafield>
  <datafield tag="300" ind1=" " ind2=" ">
    <subfield code="a">95 p. </subfield>
  </datafield>
  <datafield tag="310" ind1=" " ind2=" ">
    <subfield code="a">BIMESTRALE</subfield>
  </datafield>
  <datafield tag="362" ind1=" " ind2=" ">
    <subfield code="a">Fascicolo: 6 / Anno: 25 (1984)</subfield>
  </datafield>
  <datafield tag="500" ind1=" " ind2=" ">
    <subfield code="a">MIRACOLI DI GES&#xD9; IN MARCO. INTER MIRIFICA, DECRETO SULLA COMUNICAZIONE SOCIALE. EUTANASIA ARBITRIO DELLA RAGIONE. RELIGIONE E RAZIONALIT&#xC0; POLITICA IN GRAMSCI. PERSECUZIONE NELLA CHIESA. RIPENSAMENTO DELLA TEOLOGIA. CONVEGNO ATI, ATTIVIT&#xC0; TEOLOGICA ITALIANA, CARIT&#xC0; FEDE TEOLOGIA. RELAZIONE SUL PROGETTO ATI. SEMINARIO CARITAS ITALIANA. RECENSIONI. LIBRI IN VISIONE. INDICE DELL'ANNATA 1984. FUSCO V. MILLS J. O. GIUNCHEDI F. IANNSSENS J. NARDONE G. BASTIANON E. </subfield>
  </datafield>
  <datafield tag="501" ind1=" " ind2=" ">
    <subfield code="a">Societ&#xE0; San Paolo EM - Piazza San Paolo, 14 - 12051 ALBA (CN)  (non commercial uses only) &#xAE; Copyright 2017</subfield>
  </datafield>
  <datafield tag="520" ind1=" " ind2=" ">
    <subfield code="a">MIRACOLI DI GES&#xD9; IN MARCO. INTER MIRIFICA, DECRETO SULLA COMUNICAZIONE SOCIALE. EUTANASIA ARBITRIO DELLA RAGIONE. RELIGIONE E RAZIONALIT&#xC0; POLITICA IN GRAMSCI. PERSECUZIONE NELLA CHIESA. RIPENSAMENTO DELLA TEOLOGIA. CONVEGNO ATI, ATTIVIT&#xC0; TEOLOGICA ITALIANA, CARIT&#xC0; FEDE TEOLOGIA. RELAZIONE SUL PROGETTO ATI. SEMINARIO CARITAS ITALIANA. RECENSIONI. LIBRI IN VISIONE. INDICE DELL'ANNATA 1984. FUSCO V. MILLS J. O. GIUNCHEDI F. IANNSSENS J. NARDONE G. BASTIANON E. </subfield>
  </datafield>
  <datafield tag="650" ind1=" " ind2=" ">
    <subfield code="a">TEOLOGIA - SCIENZE UMANE</subfield>
  </datafield>
  <datafield tag="942" ind1=" " ind2=" ">
    <subfield code="c">CR</subfield>
  </datafield>
  <datafield tag="957" ind1=" " ind2=" ">
    <subfield code="7">1</subfield>
  </datafield>
  <datafield tag="999" ind1=" " ind2=" ">
    <subfield code="a">11669</subfield>
    <subfield code="b">NO</subfield>
    <subfield code="g">1</subfield>
    <subfield code="c">319766</subfield>
    <subfield code="d">319766</subfield>
  </datafield>
  <datafield tag="952" ind1=" " ind2=" ">
    <subfield code="0">0</subfield>
    <subfield code="1">0</subfield>
    <subfield code="4">0</subfield>
    <subfield code="6">R_200R1691</subfield>
    <subfield code="7">1</subfield>
    <subfield code="a">ALBA</subfield>
    <subfield code="b">ALBA</subfield>
    <subfield code="d">2017-01-16</subfield>
    <subfield code="l">0</subfield>
    <subfield code="o">R200-R1691</subfield>
    <subfield code="r">2017-01-16 00:00:00</subfield>
    <subfield code="w">2017-01-16</subfield>
    <subfield code="y">CR</subfield>
    <subfield code="z">(data import: 16 gennaio 2017) - By Epidotti, Vaglietti. </subfield>
  </datafield>
</record>
